La pintura prehistórica
Spremljeno u:
| Glavni autor: | |
|---|---|
| Format: | Knjiga |
| Jezik: | španjolski |
| Izdano: |
Buenos Aires
Fondo de Cultura Económica
1950
|
| Izdanje: | 1a. ed |
| Serija: | Breviarios, 37
|
| Teme: | |
| Oznake: |
Dodaj oznaku
Bez oznaka, Budi prvi tko označuje ovaj zapis!
|
MARC
| LEADER | 00000nam a2200000 a 4500 | ||
|---|---|---|---|
| 001 | UCH5286 | ||
| 003 | CL-VaPUC | ||
| 008 | 091014e19500000AG |||||||||||||||||spa|d | ||
| 082 | 0 | 4 | |a 759.01 |b BRO |2 21 |
| 100 | 0 | |a Brodrick, A. Houghton |e author |9 541573 | |
| 245 | 1 | 3 | |a La pintura prehistórica |
| 250 | |a 1a. ed | ||
| 300 | |a 143 p | ||
| 942 | |c BK | ||
| 945 | |d 20091014 00:00:00 |a ccalabra | ||
| 260 | |a Buenos Aires |b Fondo de Cultura Económica |c 1950 | ||
| 650 | 7 | |a PINTURA ANTIGUA |2 CL-VaPUC |9 332660 | |
| 650 | 0 | |a Arte |9 265238 | |
| 650 | 0 | |a Historia del arte |9 314877 | |
| 650 | 0 | |a Filosofía del arte |9 264951 | |
| 650 | 0 | |a Estética |9 264950 | |
| 650 | 0 | |a Artes plásticas |9 268637 | |
| 583 | |a last modification |c 20131001 06:03:21 |k Rodrigo Vera | ||
| 490 | 0 | |a Breviarios, 37 | |
| 999 | |c 336455 |d 336453 | ||